|
|
|
|
| LEADER |
00824nac a22002295a 4500 |
| 001 |
DER.der013057 |
| 008 |
180615s2016####ag#||||||||||||||#||spa|| |
| 005 |
20251226120526.0 |
| 245 |
1 |
0 |
|a Derecho civil :
|b parte general /
|c Julio César Rivera, Luis Daniel Crovi.
|
| 250 |
|
|
|a 1a. ed. ; 2a. reimp.
|
| 260 |
|
|
|a Buenos Aires :
|b Abeledo Perrot,
|c 2016.
|
| 300 |
|
|
|a 889 p.
|
| 020 |
|
|
|a 9789502027333
|
| 100 |
1 |
|
|a Rivera, Julio César
|
| 700 |
1 |
|
|a Crovi, Luis Daniel
|
| 650 |
|
7 |
|a DERECHO PRIVADO
|
| 859 |
|
|
|a DERECHO
|b BIB. DERECHO
|h 346
|i RIV
|p 007953
|
| 859 |
|
|
|a DERECHO
|b BIB. DERECHO
|h 346
|i RIV
|p 007954
|t 1
|
| 859 |
|
|
|a DERECHO
|b BIB. DERECHO
|h 346
|i RIV
|p 007955
|t 2
|
| 859 |
|
|
|a DERECHO
|b BIB. DERECHO
|h 346
|i RIV
|p 007957
|t 3
|
| 859 |
|
|
|a DERECHO
|b BIB. DERECHO
|h 346
|i RIV
|p 007958
|t 4
|
| 859 |
|
|
|a DERECHO
|b BIB. DERECHO
|h 346
|i RIV
|p 007959
|t 5
|